Nanotechnologies in food / (Record no. 342290)

000 -LEADER
fixed length control field 01661cam a22004097a 4500
001 - CONTROL NUMBER
control field 16339977
003 - CONTROL NUMBER IDENTIFIER
control field NUST
005 - DATE AND TIME OF LATEST TRANSACTION
control field 20171215120344.0
008 - FIXED-LENGTH DATA ELEMENTS--GENERAL INFORMATION
fixed length control field 100719s2010 enka b 001 0 eng d
010 ## - LIBRARY OF CONGRESS CONTROL NUMBER
LC control number 2010281243
015 ## - NATIONAL BIBLIOGRAPHY NUMBER
National bibliography number GBB054058
Source bnb
016 7# - NATIONAL BIBLIOGRAPHIC AGENCY CONTROL NUMBER
Record control number 015533274
Source Uk
020 ## - INTERNATIONAL STANDARD BOOK NUMBER
International Standard Book Number 9780854041695
020 ## - INTERNATIONAL STANDARD BOOK NUMBER
International Standard Book Number 0854041699
035 ## - SYSTEM CONTROL NUMBER
System control number (OCoLC)ocn614301108
040 ## - CATALOGING SOURCE
Original cataloging agency NLE
Transcribing agency NLE
Modifying agency UKM
-- CUD
-- AGL
-- DLC
042 ## - AUTHENTICATION CODE
Authentication code lccopycat
050 00 - LIBRARY OF CONGRESS CALL NUMBER
Classification number TX543
Item number .N36 2010
070 0# - NATIONAL AGRICULTURAL LIBRARY CALL NUMBER
Classification number TX543
Item number .N366 2010
082 04 - DEWEY DECIMAL CLASSIFICATION NUMBER
Classification number 664 RSC
Edition number 22
245 00 - TITLE STATEMENT
Title Nanotechnologies in food /
Statement of responsibility, etc. Edited by Qasim Chaudhry, Laurence Castle and Richard Watkins.
260 ## - PUBLICATION, DISTRIBUTION, ETC.
Place of publication, distribution, etc. Cambridge :
Name of publisher, distributor, etc. RSC,
Date of publication, distribution, etc. c2010.
300 ## - PHYSICAL DESCRIPTION
Extent xiii, 229 p. :
Other physical details ill. ;
Dimensions 25 cm.
490 0# - SERIES STATEMENT
Series statement RSC nanoscience & nanotechnology,
International Standard Serial Number 1757-7136 ;
Volume/sequential designation no. 14
500 ## - GENERAL NOTE
General note H.B
504 ## - BIBLIOGRAPHY, ETC. NOTE
Bibliography, etc. note Includes bibliographical references and index.
650 #0 - SUBJECT ADDED ENTRY--TOPICAL TERM
Topical term or geographic name entry element Food
General subdivision Composition
-- Technological innovations.
9 (RLIN) 7355
650 #0 - SUBJECT ADDED ENTRY--TOPICAL TERM
Topical term or geographic name entry element Food
General subdivision Packaging
-- Technological innovations.
9 (RLIN) 7356
650 #0 - SUBJECT ADDED ENTRY--TOPICAL TERM
Topical term or geographic name entry element Nanotechnology.
9 (RLIN) 2826
700 1# - ADDED ENTRY--PERSONAL NAME
Personal name Chaudhry, Qasim.
9 (RLIN) 7357
700 1# - ADDED ENTRY--PERSONAL NAME
Personal name Castle, L.
9 (RLIN) 7358
700 1# - ADDED ENTRY--PERSONAL NAME
Personal name Watkins, Richard,
Titles and other words associated with a name Dr.
9 (RLIN) 7359
710 2# - ADDED ENTRY--CORPORATE NAME
Corporate name or jurisdiction name as entry element Royal Society of Chemistry (Great Britain)
9 (RLIN) 443
856 42 - ELECTRONIC LOCATION AND ACCESS
Materials specified Contributor biographical information
Uniform Resource Identifier <a href="http://www.loc.gov/catdir/enhancements/fy1109/2010281243-b.html">http://www.loc.gov/catdir/enhancements/fy1109/2010281243-b.html</a>
856 42 - ELECTRONIC LOCATION AND ACCESS
Materials specified Publisher description
Uniform Resource Identifier <a href="http://www.loc.gov/catdir/enhancements/fy1109/2010281243-d.html">http://www.loc.gov/catdir/enhancements/fy1109/2010281243-d.html</a>
856 41 - ELECTRONIC LOCATION AND ACCESS
Materials specified Table of contents only
Uniform Resource Identifier <a href="http://www.loc.gov/catdir/enhancements/fy1109/2010281243-t.html">http://www.loc.gov/catdir/enhancements/fy1109/2010281243-t.html</a>
906 ## - LOCAL DATA ELEMENT F, LDF (RLIN)
a 7
b cbc
c copycat
d 2
e ncip
f 20
g y-gencatlg
942 ## - ADDED ENTRY ELEMENTS (KOHA)
Source of classification or shelving scheme
Koha item type Book
Call number prefix IESE
Holdings
Withdrawn status Lost status Source of classification or shelving scheme Damaged status Not for loan Collection code Permanent Location Current Location Shelving location Date acquired Total Checkouts Full call number Barcode Date last seen Price effective from Koha item type
            Institute of Environmental Science and Engineering (IESE) Institute of Environmental Science and Engineering (IESE) General Stacks 12/15/2017   664 RSC IESE-3920 12/15/2017 12/15/2017 Book
© 2023 Central Library, National University of Sciences and Technology. All Rights Reserved.